Statistics for Formula One General Knowledge #2

Click here to take the quiz!

General Stats

  • This quiz has been taken 573 times
  • The average score is 22 of 50

Answer Stats

Hint Answer % Correct
...and after 2005 it became...Honda Racing F1 Team
88%
Alain Prost won the 1993 F1 World Championship. The runner-up was...Ayrton Senna
87%
City where Circuit Gilles Villeneuve is locatedMontreal
81%
According to the points scoring system introduced in 2010, how many points are awarded for finishing 2nd?18
74%
Which driver made his debut in the 2007 US Grand Prix?Sebastian Vettel
72%
Team principal of McLaren in 1981-2009Ron Dennis
71%
Team that won the Constructors' and Drivers' Championships in its first and only seasonBrawn GP
70%
President of the FIA since 2009Jean Todt
64%
Before Pastor Maldonado's victory in 2012, who was the last driver to win a race for Williams?Juan Pablo Montoya
64%
'H' in 'HRT' stands for...Hispania
63%
Team that placed 3rd in the constructors' championship of 1999Jordan Grand Prix
62%
Team boss who was forced to resign after a race fixing scandal in 2008Flavio Briatore
61%
First driver to win a World Championship for WilliamsAlan Jones
59%
Young driver who made his F1 debut as a replacement for the imprisoned Bertrand GachotMichael Schumacher
56%
Christian Klien scored the last championship points of which F1 team?Jaguar Racing
54%
Stewart Grand Prix's first and only race victory was scored by...Johnny Herbert
54%
Circuit where Gilles Villeneuve lost his lifeCircuit Zolder
53%
Midland F1 Racing's engines were supplied by...Toyota
52%
Soft drink brand that sponsored Jordan Grand Prix in 19917-Up
51%
Juan Manuel Fangio scored his last (and most legendary) race victory on which circuit?Nürburgring
50%
How many races did Michael Schumacher win while driving for Ferrari?72
47%
Mika Häkkinen was seriously injured after he crashed into a wall in the qualifying of the 1995 Australian GP. What caused the accident?Puncture
46%
James Hunt scored his first race victory in the 1975 Dutch GP. It was also the first (and last) victory for his team. Which team was this?Hesketh Racing
43%
First Hungarian driver to score a point in F1Zsolt Baumgartner
43%
First corner at Circuit de Spa-FrancorchampsLa Source
42%
...and what car was he driving?Maserati 250F
41%
Arrows' main sponsor in 2000-2002Orange
41%
Which team scored its best result ever (6th place) in the 2007 Canadian Grand Prix?Super Aguri
40%
BAR's previous name was...Tyrrell Racing
40%
Succesful 1966 racing film that featured cameo appearances by a variety of F1 drivers, including Phil Hill and Graham HillGrand Prix
39%
Takuma Sato's teammate in 2007 and 2008Anthony Davidson
39%
In 1991, which Grand Prix was stopped after only 16 laps due to torrential rain?Australian Grand Prix
38%
Tomas Enge was the first driver from which country to compete in F1?Czech Republic
38%
2007 European Grand Prix was temporarily red-flagged due to weather conditions. At that point, which driver was leading the race?Markus Winkelhock
36%
Benetton debuted in 1986, using engines supplied by which large car manufacturer?BMW
34%
Last team boss of Minardi F1 TeamPaul Stoddart
32%
Circuit that hosted the 1959 German Grand PrixAVUS
31%
FOTA stands for...Formula One Teams Association
31%
Williams' 2004 car, the FW26, was known for its radical front section. It's nickname was...Walrus Nose
30%
Town where Sauber is basedHinwil
30%
The only driver to finish in every race of the 2008 seasonNick Heidfeld
29%
In which race did Keke Rosberg take the only victory of his championship-winning season?1982 Swiss Grand Prix
23%
In 1990, Coloni had a short-lived partnership with which Japanese car manufacturer?Subaru
21%
Fittipaldi Automotive's main sponsor in 1975-1979Copersucar
21%
Nickname of Vittorio BrambillaThe Monza Gorilla
16%
Constructor from Hong Kong, active in 1977-1983Theodore Racing
15%
In 1987 San Marino Grand Prix, Martin Brundle scored the first and only points finish (5th) for which team?Zakspeed
14%
Last corner of the Circuit de MonacoAnthony Noghes
13%
'Flat Out, Flat Broke: Formula 1 the Hard Way!' is a book written by which former F1 driver?Perry McCarthy
11%
What kind of an engine did Life Racing Engines use for most of the 1990 season?W12
11%

Score Distribution

Percentile by Number Answered

Percent of People with Each Score

Your Score History

You have not taken this quiz